00615nam a2200217 a 4500001001300000003000900013005001700022008004100039020001000080082001400090245001300104260004000117300000800157500003500165650001200200710002300212902000800235942000700243952013000250999001700380nice12345678IN_TiNIC20260116014448.0070312s2000 chea grp 000 0 eng  ac10000a823bLIL1 aAli (CD) aChennai bLilly Soosai Opset c2000 a00p aincludes index and biblioraphy aFiction2 aLilly Soosai Opset bSRS cBK 001040708StackRoom-aHMIbHMId2010-10-14g100.00l2m1o823 LIL1p021514r2016-09-28s2016-08-09v100.00w2007-03-12yBK c15443d15443